Obchodovanie a investovanie na finančných trhoch bakalárska práca

Enregistré dans:
Détails bibliographiques
Auteur principal: Gavaj, Pavol
Collectivité auteur: Fakulta hospodárskej informatiky EU. Katedra matematiky
Autres auteurs: Kaderová, Andrea
Format: Livre
Langue:slovaque
Publié: Bratislava 2011
Tags: Ajouter un tag
Pas de tags, Soyez le premier à ajouter un tag!

MARC

LEADER 00000nbm a2200000 4500
001 0140974
005 20161109111725.4
041 0 |a slo 
044 |a SK 
245 1 0 |a Obchodovanie a investovanie na finančných trhoch  |b bakalárska práca  |c Pavol Gavaj ; školiteľ: Andrea Kaderová 
264 1 |a Bratislava  |c 2011 
300 |a 44 s. 
100 1 |a Gavaj, Pavol 
700 1 |a Kaderová, Andrea 
710 2 |a Fakulta hospodárskej informatiky EU. Katedra matematiky